000 00584nam a22002417a 4500
003 UA-OsUOA
001 29803
007 ta
008 20041027b un ||||| |||| 00| 0 ukr d
100 _aЛуначарський А. В.
090 _a82.09(477)
_bЛ84
942 _cBK
040 _aUA-OsUOA
_bukr
_cUA-OsUOA
_dUA-OsUOA
245 _aПро літературу
_bЗбірник статей
300 _a581 с.
955 _a0
041 _aukr
080 _a82.09(477)
260 _aКиїв
_bДніпро
_c1975
044 _aUA
650 7 _2UDC
999 _c316202
_d316202